000
00279nam a22001097a 4500
008
160521b xxu||||| |||| 00| 0 eng d
020
_a
8002575540
041
_a
eng
080
_a
579
245
_a
Essential biology:
_c
Neil A. Campbell; Jane B.Reece;Eric J. Simon;
942
_2
udc
_c
BK
999
_c
2333
_d
2333